| 000 | nam a22 7a 4500 | ||
|---|---|---|---|
| 999 |
_c17776 _d17776 |
||
| 008 | 161129b xxu||||| |||| 00| 0 eng d | ||
| 020 | _a0314008187 | ||
| 050 | _aMT 6 .W94 1992 | ||
| 100 |
_aWright,Craig. _d1992 |
||
| 245 |
_aStudy guide to accompany listening to music. _cCraig Wright |
||
| 260 |
_aNY: _bWest publishing company, _c1992. |
||
| 300 | _av,284p. | ||
| 650 | _aMusic appreciation. | ||
| 942 |
_2lcc _cBOOKS _hMT 6 .W94 1992 |
||